000 00691nam a2200217 i 4500
001 115211
003 ES-MaACL
005 20250707062618.0
007 t|
008 070226s1911 sp a |||| | spa d
080 _a821.134.2-32"19"
100 1 _aCarrere, Emilio.
_935691
245 1 3 _aEl divino amor humano /
_cpor Emilio Carrére ; ilustraciones de Gutiérrez Larraya.
260 _aMadrid :
_bEl Cuento Semanal,
_c1911.
300 _a24 p. :
_bil. ;
_c26 cm.
490 1 _aEl cuento semanal ;
_vaño 5, n. 227
700 1 _aGutiérrez Larraya, Tomás.
_9149706
830 0 3 _aEl cuento semanal
_vaño 5, n. 227
_9185957
852 _aES-MaACL
_jG-4447(18)
999 _c115211
_d115211